000 00367nam a22001577a 4500
003 OSt
005 20170105102939.0
040 _a0
082 _a491.42
_bSHA 2015
100 _aShah, Safdar Ali
245 _aPunjabi Grammar
_cSafdar Ali Shah
260 _aIslamabad
_bNUST
_c2015
300 _axx, 167p.;
_bill
_c22 cm
650 _aPunjabi Grammar
942 _2ddc
_cBK
999 _c16414
_d16414